Song By Music Video - Statistics

General Stats
  • This quiz has been taken 59 times
  • The average score is 11 of 16
Answer Stats
Picture Answer % Correct
Thriller
96%
Gangnam Style
92%
Roar
90%
Waka Waka
78%
Beat It
73%
Single Ladies
73%
Smells Like Teen Spirit
73%
Despacito
71%
Somebody That I Used To Know
69%
Hotline Bling
63%
This Is America
63%
Anaconda
53%
Watch Me
49%
Congratulations
45%
I Love It
43%
Otis
24%
No matching quizzes found
Score Distribution
Percent of People with Each Score
Percentile by Number Answered
Your Score History
You have not taken this quiz